| 000 -LEADER |
| fixed length control field |
00682cam a2200217 a 4500 |
| 020 ## - INTERNATIONAL STANDARD BOOK NUMBER |
| ISBN |
0750679832 |
|
| ISBN |
9780750679831 |
| 050 00 - LIBRARY OF CONGRESS CALL NUMBER |
| Classification number |
HF1379 |
| 100 1# - MAIN ENTRY--AUTHOR NAME |
| Personal name |
Katsioloudes, Marios I. |
| 245 10 - TITLE STATEMENT |
| Title |
International business : |
| 260 ## - PUBLICATION, DISTRIBUTION, ETC. (IMPRINT) |
| Place of publication |
Amsterdam ; |
| -- |
Boston : |
| Name of publisher |
Butterworth-Heinemann, |
| Year of publication |
c2007. |
| 300 ## - PHYSICAL DESCRIPTION |
| Number of Pages |
xv, 705 p. : |
| Other physical details |
ill. ; |
| 650 #0 - SUBJECT ADDED ENTRY--TOPICAL TERM |
| Topical Term |
International trade. |
|
| Topical Term |
International business enterprises. |
|
| Topical Term |
International finance. |
|
| Topical Term |
Globalization |
| 700 1# - ADDED ENTRY--PERSONAL NAME |
| Personal name |
Hadjidakis, Spyros. |
| 856 41 - ELECTRONIC LOCATION AND ACCESS |
| Uniform Resource Identifier |
http://www.loc.gov/catdir/toc/ecip074/2006035890.html |
|
| Uniform Resource Identifier |
http://www.loc.gov/catdir/enhancements/fy0702/2006035890-d.html |
| 942 ## - ADDED ENTRY ELEMENTS (KOHA) |
| Koha item type |
Books |